Chủ tịch Hồ Chí Minh ở Pháp năm 1946.
Kaydedildi:
| Materyal Türü: | Sách giấy |
|---|---|
| Dil: | Vietnamese |
| Baskı/Yayın Bilgisi: |
H. :
Trung Tâm UNESCO bảo tồn và phát triển văn hoá dân tộc Việt Nam,
2001.
|
| Konular: | |
| Etiketler: |
Etiketle
Etiket eklenmemiş, İlk siz ekleyin!
|
| Thư viện lưu trữ: | Thư viện Trường Đại học Đà Lạt |
|---|
| LEADER | 00862nam a2200325 4500 | ||
|---|---|---|---|
| 001 | DLU030020885 | ||
| 003 | ##DLU | ||
| 005 | ##20021230 | ||
| 008 | ##021230t vn z000 vie d | ||
| 040 | # | # | |a DLU |b vie |
| 041 | # | # | |a vie |
| 044 | # | # | |a vn |
| 082 | # | # | |a 923.1 |b Chu |
| 245 | # | # | |a Chủ tịch Hồ Chí Minh ở Pháp năm 1946. |
| 260 | # | # | |a H. : |b Trung Tâm UNESCO bảo tồn và phát triển văn hoá dân tộc Việt Nam, |c 2001. |
| 300 | # | # | |a 216 tr. ; |c 19 cm. |
| 653 | # | # | |a Hồ Chí Minh, 1890-1969 |
| 653 | # | # | |a Hoạt động ngoại giao |
| 653 | # | # | |a Quan hệ ngoại giao |
| 653 | # | # | |a Tư liệu lịch sử |
| 992 | # | # | |a 24000 |
| 994 | # | # | |a DLU |
| 900 | # | # | |a True |
| 911 | # | # | |a Thái Thị Thanh Thủy |
| 925 | # | # | |a G |
| 926 | # | # | |a A |
| 927 | # | # | |a SH |
| 980 | # | # | |a Thư viện Trường Đại học Đà Lạt |